| 000 | 01575nam0a2200361 4500 | ||
|---|---|---|---|
| 001 | RU\NLR\BIBL_A\012451948 | ||
| 005 | 20210224161144.0 | ||
| 010 |
_a978-5-17-091100-4 _93000 |
||
| 021 |
_aRU _bКН-П-19-023003 _9КН-П-19-4118 |
||
| 035 | _a(NLR Aleph) 012451948 | ||
| 035 | _a(RuMoRGB)010268357 | ||
| 090 |
_a11979958 _c11979958 |
||
| 100 | _a20210212d2020 u y0rusy50 ca | ||
| 101 | 1 |
_arus _ceng |
|
| 102 | _aRU | ||
| 105 | _aab||z|||000ay | ||
| 181 | 0 |
_ai _baxxe |
|
| 182 | 0 | _an | |
| 200 | 1 |
_aВластелин Колец _e[трилогия _eперевод с английского] _fДжон Р.Р. Толкин _g[иллюстрации Яны Ашмариной] |
|
| 203 |
_aТекст _bвизуальный _cнепосредственный |
||
| 210 |
_aМосква _cАСТ _d2020 |
||
| 215 |
_a745, [7] с. _cил., карт. _d27 |
||
| 300 | _aВ аннот. авт.: Дж. Р.Р. Толкин, проф. Оксфорд. ун-та | ||
| 327 | 1 | _aНа тит. л. содерж.: Хранители; Две твердыни; Возвращение короля | |
| 333 | _a12+ | ||
| 686 | 1 | _aШ6(4Вл)67-445{Лх1299-62} | |
| 700 | 1 |
_7ca _8rus _aТолкин _bД. Р. Р. _f1892-1973 _gДжон Роналд Руэл _9116484 _3RU\NLR\AUTH\776532 |
|
| 702 | 1 |
_4440 _7ca _8rus _aАшмарина _bЯ. С. _cхудожник _f1963-2015 _gЯна Станиславовна _989334 _3RU\NLR\AUTH\77106409 |
|
| 942 | _cBOOK | ||
| 980 | _aNB | ||